Statystyki dla Województwa Polski Według Granic w 15 Sekund

Kliknij tutaj aby rozwiązać quiz!

Ogólne statystyki

  • Ten quiz został rozwiązany 641 razy
  • Średni wynik to 14 z 16

Odpowiedzi na mapie

Odpowiedzi skodowane kolorowo w zielono-czerwonej skali na mapie do tego quizu, zgodnie z poniższymi procentami.
 

Statystyki odpowiedzi

Województwa% Poprawnych
Łódzkie
96%
Kujawsko - pomorskie
95%
Świętokrzyskie
95%
Mazowieckie
93%
Wielkopolskie
93%
Warmińsko - mazurskie
92%
Lubelskie
89%
Podlaskie
86%
Zachodniopomorskie
86%
Pomorskie
85%
Opolskie
83%
Śląskie
83%
Dolnośląskie
77%
Lubuskie
76%
Małopolskie
73%
Podkarpackie
64%

Rozkład punktacji

Percentyl według liczby udzielonych odpowiedzi

Procent ludzi z każdym wynikiem

Twoja historia wyników

Nie rozwiązałeś tego quizu